| 000 | 00663nam a22001577a 4500 | ||
|---|---|---|---|
| 005 | 20150219153201.0 | ||
| 020 | _c300.00 | ||
| 037 |
_adpl _bPansy/Ven |
||
| 100 | _aSurjit Singh | ||
| 245 |
_aElectrical Design estimating and costing: _bfor diploma students in electrical engineering,practising engineers, electrical supervisors, electrical wireman certificate course students and electrical installation engineers/ _cby Surjit Singh [and] Ravi Deep Singh |
||
| 260 |
_aDelhi _bDhanpat Rai & Co. _c2014 |
||
| 270 |
_aD-13/12, Model Town _bDelhi _e110009 |
||
| 300 |
_avarious pages. _c23cm(pbk) |
||
| 942 |
_2ddc _cEN _mSUR |
||
| 999 |
_c91604 _d91604 |
||